Stacje na trasie pociągu Kraków Główny - Tarnów - Statistics

General Stats
  • This quiz has been taken 75 times
  • The average score is 12 of 24
Answer Stats
Stacja % Correct
Tarnów
95%
Kraków Główny
89%
Bochnia
78%
Kraków Płaszów
78%
Brzesko Okocim
67%
Kraków Prokocim
67%
Kraków Zabłocie
67%
Kraków Bieżanów
63%
Kraków Grzegórzki
63%
Tarnów Mościce
63%
Kłaj
57%
Kraków Złocień
51%
Podłęże
48%
Węgrzce Wielkie
43%
Kokotów
40%
Staniątki
37%
Bogumiłowice
35%
Szarów
33%
Biadoliny
29%
Rzezawa
27%
Stanisławice
27%
Cikowice
25%
Jasień Brzeski
22%
Sterkowiec
21%
No matching quizzes found
Score Distribution
Percent of People with Each Score
Percentile by Number Answered
Your Score History
You have not taken this quiz